| 000 | 00786nam a22002297i 4500 | ||
|---|---|---|---|
| 999 |
_c23033 _d23033 |
||
| 003 | AR-CdUCM | ||
| 008 | 240910b pe ||||| |||| 00| 0 Spa d | ||
| 040 |
_aMUNICIPALIDAD PROVINCIAL DEL CUSCO _cBIBLIOTECA MUNICIPAL DEL CUSCO |
||
| 041 | _hSpa | ||
| 082 |
_2Primera edición. _a616.6 / _bCH11V |
||
| 100 |
_aVarios Autores. _938772 |
||
| 245 |
_aVivir Bien Con EPOC: _bConsejos Prácticos. / |
||
| 260 |
_aCusco _c2019 |
||
| 300 |
_aPaginas: 38 ; _c21.5 cm |
||
| 505 | _aIntroducción -- Conocemos a la EPOC -- Consejos Prácticos -- Para los Cuidadores -- | ||
| 650 |
_aSalud _98684 |
||
| 650 |
_aConsejos de Salud _950337 |
||
| 650 |
_aRehabilitación de la respiración _950338 |
||
| 650 |
_aControl de emociones _950339 |
||
| 942 |
_2ddc _cLIBROS |
||
| 945 |
_apbj _d2024-09-10 |
||